000 00297nam a22001337a 4500
008 170309b xxu||||| |||| 00| 0 eng d
020 _a013347724X
041 _aeng
080 _a611
100 _a6
101 _aSHM
245 _aGENERAL AND COMPARATIVE PHYSIOLOGY
_cHOAR, W.S
942 _2udc
_cBK
999 _c7285
_d7285